000 00783nam a2200265Ia 4500
003 OSt
005 20220926005241.0
006 a|||||r|||| 00| 0
007 ta
008 220923b |||||||| |||| 00| 0 eng d
020 _a076199601x
037 _cGeneral Book
040 _aRTL
_cRTL
_beng
041 _2eng
_aeng
082 _aY11-49:3(T).49G.P, P3/TD
100 _aKabeer Naila
_9144286
245 0 _aChild labour and the right to education in South Asia
260 _a New Delhi
_bSage Publications India
_c2003
300 _a412p
_ccm.
500 _aBibliography chapterwise
650 _a Sociology
650 _aWorking Child
_9309926
942 _hY11-49:3(T).49G.P, P3/TD
_cGB
_2CC
999 _c613292
_d613292